000 01296cam a2200289 4500
999 _c9731
_d9731
001 9731
003 BD-JhCC
005 20180324102043.0
008 180324s1972 enk b 001 0 eng
020 _a0333085442
_a0333123662 (pbk.)
035 _a(BD-JhCC)9731
040 _aDLC
_cDLC
_dDLC
_dBD-JhCC
041 _aeng
050 0 0 _aD515
_b.K63 1972b
082 0 0 _a940.3/11
_bKOC 1972
100 1 _aKoch, H. W.
_q(Hannsjoachim Wolfgang),
_d1933-
245 1 4 _aThe origins of the First World War: Great Power rivalry and German war aims /
_cedited by H. W. Koch.
260 _aBasingstoke :
_bMacmillan,
_c1972.
300 _avii, 373 p.
_c19 cm.
350 _a£2.50
504 _aBibliography: p. [356]-364.
505 0 _aJoll, J. The 1914 debate continues.--Hatton, P. H. S. Britain and Germany in 1914.--Geiss, I. Origins of the First World War.--Fischer, F. World policy, world power and German war aims.--Zechlin, E. Cabinet versus economic warfare in Germany.--Janssen, K. H. Gerhard Ritter.--Epstein, K. Gerhard Ritter and the First World War.--Joll, J. 1914: The unspoken assumptions.--Koch, H. W. Social Darwinism as a factor in the New Imperialism.
650 0 _aWorld War, 1914-1918
_zGermany.
650 0 _aWorld War, 1914-1918
_xCauses.
942 _2ddc
_cBK